000 00407nam a22001937a 4500
003 OSt
005 20210831161722.0
008 210831b |||||||| |||| 00| 0 eng d
020 _aISBN 81-265-0882-5
040 _cHU
050 _a1
082 _a530/UND
100 _aUND
_9974
245 _aUNDERSTANDING PHYSICS
250 _a1
260 _bWILEY
_c2004
300 _a1144
942 _2ddc
_cBOOKS
_n0
999 _c1191
_d1191